Normal view
MARC view
Entry Personal Name
001 - CONTROL NUMBER
- control field: 51229
003 - CONTROL NUMBER IDENTIFIER
- control field: OSt
005 - DATE AND TIME OF LATEST TRANSACTION
- control field: 20160409115211.0
008 - FIXED-LENGTH DATA ELEMENTS
- fixed length control field: 160409|| aca||aabn | a|a d
040 ## - CATALOGING SOURCE
- Original cataloging agency: OSt
- Transcribing agency: OSt
100 ## - HEADING--PERSONAL NAME
- Personal name: भागवत आर. एम
670 ## - SOURCE DATA FOUND
- Source citation: Work cat.: (OSt)18601: भागवत आर. एम , दैनिक जीवन में गणित , 1998









